Statistics for Physics - Units

Click here to take the quiz!

General Stats

  • This quiz has been taken 117 times
  • The average score is 13 of 22

Answer Stats

MeasurementUnit% Correct
TimeSeconds
92%
PowerWatts
88%
EnergyJoules
84%
Potential DifferenceVolts
77%
ForceNewtons
74%
MassGrams
72%
DistanceMetres
69%
TemperatureDegrees Celsius
69%
FrequencyHertz
64%
WeightNewtons
59%
ChargeCoulombs
59%
HeightMetres
57%
ResistanceOhms
56%
CurrentAmperes
53%
SpeedMetres per second
51%
VelocityMetres per Second
50%
Work DoneJoules
47%
PressurePascals
43%
Kinetic EnergyJoules
40%
VolumeLitres
27%
Spring ConstantNewtons per Metre
19%
Lens PowerDioptres
7%

Score Distribution

Percentile by Number Answered

Percent of People with Each Score

Your Score History

You have not taken this quiz